| 000 | 01986nam a2200337 4500 | ||
|---|---|---|---|
| 001 | 376 | ||
| 003 | OSt | ||
| 005 | 20250403093817.0 | ||
| 008 | 250403b |||||||g |||| 00| 0 eng d | ||
| 020 | _a978850104457 | ||
| 040 | _bpor | ||
| 041 |
_hdut _apor |
||
| 082 |
_a920 _bF828d |
||
| 100 | 1 |
_aFrank, Anne, _d1929-1945. _9778 |
|
| 240 | _aHet Achterhuis | ||
| 245 |
_aO diário de Anne Frank / _cFrank, Anne ; Tradução de Alves Calado |
||
| 250 | _a81° ed. | ||
| 260 |
_aRio de Janeiro _bRecord _c2019 |
||
| 300 | _a351 p. | ||
| 520 | _aO depoimento da pequena Anne Frank, morta pelos nazistas após passar anos escondida no sótão de uma casa em Amsterdã, ainda hoje emociona leitores no mundo inteiro. Seu diário narra os sentimentos, medos e pequenas alegrias de uma menina judia que, com sua família, lutou em vão para sobreviver ao Holocausto. Lançado em 1947, O diário de Anne Frank tornou-se um dos maiores sucessos editoriais de todos os tempos. Um livro tocante e importante que conta às novas gerações os horrores da perseguição aos judeus durante a Segunda Guerra Mundial. Agora, seis décadas após ter sido escrito, este relato finalmente é publicado na íntegra, com um caderno de fotos e o resgate de trechos que permaneciam inéditos. Uma nova edição que aprofunda e aumenta nossa compreensão da vida e da personalidade dessa menina que se transformou em um dos grandes símbolos da luta contra a opressão e a injustiça. E consagra O diário de Anne Frank como um dos livros de maior importância do século XX. Uma obra que deve ser lida por todos, para evitar que atrocidades parecidas voltem a acontecer neste mundo. | ||
| 650 | 0 |
_aLiteratura holandesa _9593 |
|
| 650 | 0 |
_a2° Guerra Mundial _956 |
|
| 650 | 0 |
_aHolocausto _9780 |
|
| 650 | 0 |
_aDrama _918 |
|
| 650 | 0 |
_aClássicos _977 |
|
| 650 | 0 |
_aFilme _926 |
|
| 655 | 0 |
_aRomance _923 |
|
| 655 | 0 |
_aNão Ficção _9102 |
|
| 700 |
_aAlves Calado _eTradutor _9325 |
||
| 942 |
_2ddc _n0 _cBK |
||
| 999 |
_c376 _d376 |
||